000 00889nam a2200241 i 4500
001 C2-0335394
003 PPAK
005 20180728134825.0
008 160107s1996 mau |||| ||||| | eng d
040 _aPPAK
_beng
_cPPAK
_erda
082 0 4 _a387.70683
_223
090 0 0 _a387.70683
_bHEI
_dKK
100 0 _aHeikal Ismail,
_eauthor
245 1 0 _aCompetitive challenges and strategies in the UK Airline industry :
_ba case of two major airlines
264 1 _aCambridge :
_bAnglia Polytechnic University ,
_c1996
300 _a95 pages ;
_c30 cm
336 _2rdacontent
_atext
337 _2rdamedia
_aunmediated
338 _2rdacarrier
_avolume
500 _aA dissertation in partial fufilment of the requirements of Anglia Polytechnic University, Cambridge for the Degree of Master of Business Administration
650 1 0 _aAirlines - Great Britain - Management.
942 _ddc
_cB
999 _c133578
_d133578